000 00748nam a2200229 4500
001 107549
003 ES-MaACL
005 20250831072555.0
007 t|
008 061121s1959 sp r ||||1| spa d
100 1 _aDe Moreau, Edouard.
_943070
245 1 0 _aHistoria de la Iglesia /
_cE. de Moreau, S.J. ; versión española de María Luz Morales.
250 _a1.ª ed.
260 _aBarcelona :
_bSurco,
_c1959.
300 _a499 p. Lám. I-XXIV ;
_c23 cm.
490 1 _aColección historia ;
_v13
650 1 7 _aHistoria eclesiástica
_2embne
_913400
700 1 _aMorales, María Luz,
_d1889-1980
_983001
830 0 _aColección historia ;
_v13
_9179966
852 _aES-MaACL
_jC-16098
_bR.44150
999 _c107549
_d107549